[Event "Match 03"]
[Site "http://www.queenalice.com/game.php?id=259981"]
[Date "2007.8.23"]
[Round "-"]
[White "CCapivara"]
[Black "hipnnose"]
[Result "0-1"]
[WhiteElo "2092"]
[BlackElo "1729"]

1. e4 c6 2. d4 d6 3. f4 Nf6 4. Nc3 Qa5 5. Bd3 e5 6. fxe5 dxe5 7. dxe5 Ng4 8. Nf3
Bc5 9. Qe2 Bf2+ 10. Kf1 Bb6 11. Bd2 Qc5 12. h3 Nxe5 13. Na4 Qe7 14. Nxb6 axb6
15. Bc3 Nbd7 16. Kf2 O-O 17. Rhf1 Nxf3 18. Qxf3 Qc5+ 19. Kg3 Ne5 20. Qf2 Qd6 21.
Qf4 Qg6+ 22. Kh2 Nxd3 23. cxd3 f5 24. e5 Be6 25. a3 Bd5 26. Qg3 Qxg3+ 27. Kxg3
g5 28. d4 h5 29. Rf2 f4+ 30. Kh2 Kg7 31. Raf1 Rf5 32. h4 Bc4 33. Re1 g4 34. Kg1
Re8 35. Kh1 f3 36. gxf3 Rxf3 37. Rxf3 gxf3 38. Kg1 Be2 39. Kf2 Re6 40. Rxe2 fxe2
41. Kxe2 Rg6 42. Kd3 Kf7 43. Kc4 Ke6 44. a4 Rg4 45. a5 Rxh4 46. axb6 Rg4 47. Kd3
h4 48. Ke3 h3 49. Kf3 h2 50. Kxg4 h1=Q 51. Kf4 Qd5 52. Ke3 Qb5 53. Ke4 Qxb6 54.
Kd3 Qb3 55. Ke4 b5 0-1

[Event "Match 04"]
[Site "http://www.queenalice.com/game.php?id=259982"]
[Date "2007.8.23"]
[Round "-"]
[White "hipnnose"]
[Black "CCapivara"]
[Result "0-1"]
[WhiteElo "1500"]
[BlackElo "2067"]

1. Nc3 d5 2. d4 Nf6 3. h3 e6 4. Nf3 c5 5. Bf4 Nc6 6. Nb5 Qa5+ 7. Nc3 cxd4 8.
Nxd4 Bb4 9. Nb5 Bxc3+ 10. Nxc3 d4 0-1

[Event "Challenge"]
[Site "http://www.queenalice.com/game.php?id=270296"]
[Date "2007.9.11"]
[Round "-"]
[White "jalvez"]
[Black "hipnnose"]
[Result "0-1"]
[WhiteElo "1887"]
[BlackElo "1815"]

1. e4 c5 2. Nf3 d6 3. Bb5+ Bd7 4. Bxd7+ Nxd7 5. O-O Ngf6 6. e5 dxe5 7. Re1 Qc7
8. Nc3 a6 9. Ne4 Nxe4 10. Qe2 f5 11. d3 Nef6 12. Nxe5 g6 13. Bd2 Nxe5 14. Qxe5
Qxe5 15. Rxe5 Nd7 16. Re6 Bg7 17. Rae1 Bf6 18. Bc3 O-O 19. Bxf6 exf6 20. Re7
Rad8 21. f4 Rf7 22. R7e3 b5 23. a3 a5 24. Kf2 Nb6 0-1

[Event "Challenge"]
[Site "http://www.queenalice.com/game.php?id=275510"]
[Date "2007.9.22"]
[Round "-"]
[White "mateus_amorim"]
[Black "hipnnose"]
[Result "0-1"]
[WhiteElo "1699"]
[BlackElo "1863"]

1. d4 b5 2. e3 Bb7 3. Nf3 a6 4. c3 e6 5. Be2 Nf6 6. b4 Bd6 7. O-O O-O 8. Nbd2
Nc6 9. Bb2 e5 10. dxe5 Nxe5 11. Nxe5 Bxe5 12. Nf3 Bd6 13. a3 Qe7 14. c4 bxc4 15.
Bxc4 Ng4 16. Qd4 Nf6 17. Ng5 h6 18. Nh3 c5 19. bxc5 Bxc5 20. Qc3 Rac8 21. Qb3
Qe4 22. f3 Qxe3+ 23. Qxe3 Bxe3+ 0-1

[Event "Challenge"]
[Site "http://www.queenalice.com/game.php?id=276012"]
[Date "2007.9.23"]
[Round "-"]
[White "toldowisk"]
[Black "hipnnose"]
[Result "0-1"]
[WhiteElo "2060"]
[BlackElo "1892"]

1. e4 c5 2. b4 e5 3. Nf3 cxb4 4. a3 Nc6 5. axb4 Bxb4 6. Bb2 Qc7 7. c3 Be7 8. Bc4
Nf6 9. d3 O-O 10. O-O d6 11. Ng5 a6 12. Nxf7 Rxf7 13. Bxf7+ Kxf7 14. Qc2 Kg8 15.
d4 b5 16. Nd2 Bb7 17. f4 Rc8 18. fxe5 dxe5 19. d5 Na5 20. Rac1 Ng4 21. Nb3 Ne3
0-1

[Event "AUTO-ADV-677"]
[Site "http://www.queenalice.com/game.php?id=285548"]
[Date "2007.10.12"]
[Round "1"]
[White "hipnnose"]
[Black "arnelsr"]
[Result "1-0"]
[WhiteElo "1979"]
[BlackElo "1689"]

1. e4 e5 2. d4 exd4 3. c3 Nc6 4. Nf3 d5 5. exd5 Qxd5 6. Nxd4 Nf6 7. Nxc6 Qxd1+
8. Kxd1 bxc6 9. Be2 Bd7 10. Bf4 Bd6 11. Bxd6 cxd6 12. h3 O-O 13. Nd2 Rab8 14. b3
Nd5 15. c4 Nc3+ 16. Ke1 Rfe8 17. Kf1 Nxe2 18. Re1 Nc3 19. f3 Nxa2 20. Ne4 Rxb3
21. Kf2 Re6 22. Ra1 Rb2+ 23. Kg1 Rg6 24. g3 d5 25. cxd5 cxd5 26. Rd1 Be6 27. g4
1-0

[Event "AUTO-ADV-677"]
[Site "http://www.queenalice.com/game.php?id=285549"]
[Date "2007.10.12"]
[Round "1"]
[White "arnelsr"]
[Black "hipnnose"]
[Result "0-1"]
[WhiteElo "1689"]
[BlackElo "1985"]

1. e4 c5 2. Nf3 d6 3. d4 cxd4 4. Nxd4 Nf6 5. Nc3 g6 6. Bd3 Bg7 7. Bg5 O-O 8. Qd2
Nc6 9. Nb3 Ng4 10. O-O-O a5 11. Bb5 Bd7 12. Nd5 a4 13. Na1 a3 14. c3 axb2+ 15.
Qxb2 Re8 16. Nb3 Be6 17. h3 Nge5 18. f4 Nd7 19. f5 gxf5 20. exf5 Bxf5 21. Rhe1
Nde5 22. Nf4 Qb6 23. a4 Rec8 24. Nh5 Bh8 25. g4 Bg6 26. Nf4 Nf3 27. Nxg6 hxg6
28. Be3 Qc7 29. Rf1 Nce5 30. Kc2 Nh2 31. Rf2 Nef3 32. Nd4 Qa5 33. Qb3 Rc7 0-1

[Event "AUTO-ADV-677"]
[Site "http://www.queenalice.com/game.php?id=285550"]
[Date "2007.10.12"]
[Round "1"]
[White "hipnnose"]
[Black "Chuzete"]
[Result "0-1"]
[WhiteElo "1956"]
[BlackElo "2078"]

1. e4 c5 2. d4 cxd4 3. c3 Nf6 4. e5 Nd5 5. cxd4 d6 6. Nf3 e6 7. Bd3 Nb4 8. O-O
Nxd3 9. Qxd3 Be7 10. Nc3 O-O 11. Bf4 d5 12. Rac1 Nc6 13. a3 Bd7 14. Rc2 Rc8 15.
Nb5 Nxe5 16. Rxc8 Nxd3 17. Rxd8 Rxd8 18. Bd6 Kf8 19. Bxe7+ Kxe7 20. Nc3 Rc8 21.
Rb1 Nxb2 22. Nxd5+ exd5 23. h3 Rc2 24. Re1+ Be6 25. Rb1 b6 26. Ne1 Re2 27. Kf1
Rd2 28. Nf3 Rd1+ 29. Rxd1 Nxd1 30. Ke1 Nc3 0-1

[Event "AUTO-ADV-677"]
[Site "http://www.queenalice.com/game.php?id=285551"]
[Date "2007.10.12"]
[Round "1"]
[White "Chuzete"]
[Black "hipnnose"]
[Result "1-0"]
[WhiteElo "1996"]
[BlackElo "1917"]

1. d4 Nf6 2. Bg5 Ne4 3. Bf4 d5 4. e3 e6 5. Bd3 Bd6 6. Bxd6 Qxd6 7. Bxe4 dxe4 8.
Nc3 f5 9. Nge2 Bd7 10. Nf4 O-O 11. O-O a6 12. Qe2 b5 13. a3 g5 14. Nh3 g4 15.
Nf4 e5 16. dxe5 Qxe5 17. Rfd1 Be6 18. Nxe6 Qxe6 19. Nd5 Ra7 20. Nf4 Nd7 21. Nxe6
1-0

[Event "AUTO-ADV-677"]
[Site "http://www.queenalice.com/game.php?id=285552"]
[Date "2007.10.12"]
[Round "1"]
[White "hipnnose"]
[Black "adilson_camargo"]
[Result "1-0"]
[WhiteElo "1938"]
[BlackElo "1914"]

1. e4 e5 2. Bc4 Nf6 3. d4 exd4 4. Nf3 Bc5 5. c3 O-O 6. e5 Ne4 7. cxd4 Bb4+ 8.
Kf1 d5 9. exd6 Qxd6 10. Qb3 Be6 11. Nc3 Nxc3 12. bxc3 Bxc4+ 13. Qxc4 Ba5 14. a4
Nc6 15. Ba3 Qf4 16. Bxf8 Rxf8 17. Rb1 Re8 18. h4 h6 19. h5 Nd8 20. Rh4 Qf6 21.
Rb5 b6 22. Qxc7 Nc6 23. Rf4 Qe6 24. Ne5 Ne7 25. Rxf7 a6 26. Rb1 Nf5 27. g4 Re7
28. Rxe7 Nxe7 29. Re1 Nd5 30. Qd8+ Kh7 31. Ng6 Qg8 32. Re8 Nxc3 33. Rxg8 Nxa4
34. Rh8# 1-0

[Event "AUTO-ADV-677"]
[Site "http://www.queenalice.com/game.php?id=285553"]
[Date "2007.10.12"]
[Round "1"]
[White "adilson_camargo"]
[Black "hipnnose"]
[Result "0-1"]
[WhiteElo "1897"]
[BlackElo "1961"]

1. d4 d5 2. c4 e5 3. dxe5 d4 4. e3 Bb4+ 5. Bd2 dxe3 6. fxe3 Bxd2+ 7. Nxd2 Nc6 8.
Ngf3 f6 9. exf6 Nxf6 10. Be2 O-O 11. O-O Ng4 12. Qb3 Qe7 13. Rfe1 Qxe3+ 14. Qxe3
Nxe3 15. Rac1 Ng4 16. Nb3 Be6 17. Nfd4 Nxd4 18. Nxd4 Bd7 19. Bxg4 Bxg4 20. b4 c6
21. Re7 Rf7 22. Rxf7 Kxf7 23. b5 Rd8 24. Nb3 cxb5 25. cxb5 Rd1+ 26. Rxd1 Bxd1
27. Nc5 b6 28. Ne4 Ke7 29. Kf2 Bc2 30. Ke3 Ke6 31. Nc3 Kd6 32. Kf4 Kc5 33. Ke3
Kc4 34. Kd2 Bg6 35. a4 Kb3 36. g3 Bf7 37. g4 Kb4 38. h4 Bb3 39. Kd3 Bxa4 40.
Nxa4 Kxa4 41. Ke4 Kxb5 42. Ke5 a5 43. Ke6 a4 44. Kf7 g6 45. Kg7 h5 46. gxh5 gxh5
47. Kg6 a3 48. Kxh5 a2 0-1

[Event "Challenge"]
[Site "http://www.queenalice.com/game.php?id=286159"]
[Date "2007.10.14"]
[Round "-"]
[White "hipnnose"]
[Black "technicaldraw"]
[Result "1-0"]
[WhiteElo "1884"]
[BlackElo "1876"]

1. e4 e6 2. d4 d5 3. exd5 exd5 4. Bd3 Nc6 5. Nf3 Bd6 6. O-O Bg4 7. Re1+ Nge7 8.
c3 O-O 9. Bxh7+ Kxh7 10. Ng5+ Kg8 11. Qxg4 1-0

[Event "Challenge"]
[Site "http://www.queenalice.com/game.php?id=290865"]
[Date "2007.10.22"]
[Round "-"]
[White "hipnnose"]
[Black "Agronopoulus"]
[Result "1-0"]
[WhiteElo "1933"]
[BlackElo "1880"]

1. e4 e5 2. d4 exd4 3. c3 dxc3 4. Bc4 cxb2 5. Bxb2 d5 6. Bxd5 Nf6 7. Nc3 Be7 8.
Nf3 Bg4 9. O-O Nxd5 10. Nxd5 O-O 11. Qd4 Bxf3 12. Qxg7# 1-0

[Event "Challenge"]
[Site "http://www.queenalice.com/game.php?id=301934"]
[Date "2007.11.10"]
[Round "-"]
[White "hipnnose"]
[Black "Catao"]
[Result "1/2-1/2"]
[WhiteElo "1998"]
[BlackElo "2019"]

1. e4 c5 2. d4 cxd4 3. c3 dxc3 4. Nxc3 Nc6 5. Nf3 e6 6. Bf4 a6 7. Bd3 d6 8. O-O
Nf6 9. Qe2 e5 10. Bg5 Be7 11. Rfd1 O-O 12. Rac1 Bg4 13. h3 Nd4 14. Qe3 Nxf3+ 15.
gxf3 Bxh3 16. f4 Bc8 17. fxe5 Ng4 18. Bxe7 Nxe3 19. Bxd8 Nxd1 20. Be7 Re8 21.
Rxd1 Rxe7 22. exd6 Rd7 23. e5 Rd8 24. f4 g6 25. Nd5 1/2-1/2

[Event "Challenge"]
[Site "http://www.queenalice.com/game.php?id=322241"]
[Date "2007.12.18"]
[Round "-"]
[White "hipnnose"]
[Black "HILITO"]
[Result "1-0"]
[WhiteElo "1999"]
[BlackElo "2030"]

1. e4 c5 2. Nf3 Nc6 3. Bc4 a6 4. d4 cxd4 5. Nxd4 Nf6 6. Nc3 e5 7. Nf5 d6 8. Ne3
Be7 9. O-O O-O 10. Ned5 b5 11. Nxe7+ Qxe7 12. Bb3 Bb7 13. Bg5 Nd4 14. Nd5 Bxd5
15. Bxd5 Rac8 16. c3 Ne6 17. Bh4 g5 18. Bxe6 Qxe6 19. Bxg5 Nxe4 20. Qh5 Nxg5 21.
Qxg5+ Qg6 22. Qd2 h5 23. Rad1 Rcd8 24. Qd5 h4 25. Rd3 Kh7 26. Rh3 Qg5 27. Qe4+
f5 28. Qxh4+ Qxh4 29. Rxh4+ Kg6 30. c4 b4 31. Rd1 a5 32. Rd5 a4 33. Rh3 f4 34.
Rhd3 Kf5 35. Rxd6 Rxd6 36. Rxd6 b3 37. axb3 axb3 38. Rd3 Rc8 39. Rc3 Ke4 40. c5
Kd5 41. c6 Rxc6 42. Rxc6 Kxc6 43. Kf1 e4 44. Ke2 Kd5 45. g3 1-0

[Event "Challenge"]
[Site "http://www.queenalice.com/game.php?id=349271"]
[Date "2008.2.6"]
[Round "-"]
[White "fernando1971"]
[Black "hipnnose"]
[Result "1-0"]
[WhiteElo "2174"]
[BlackElo "2016"]

1. d4 g6 2. e4 Bg7 3. Nc3 d6 4. Nf3 Nf6 5. Bd3 Nbd7 6. O-O O-O 7. Qe2 c5 8. e5
dxe5 9. dxe5 Ne8 10. Rd1 e6 11. Bg5 f6 12. exf6 Ndxf6 13. Bxg6 Qb6 14. Bxe8 Rxe8
15. Bxf6 Bxf6 16. Nd5 1-0

[Event "Match 01"]
[Site "http://www.queenalice.com/game.php?id=356310"]
[Date "2008.2.18"]
[Round "-"]
[White "CCapivara"]
[Black "hipnnose"]
[Result "1-0"]
[WhiteElo "1861"]
[BlackElo "2013"]

1. e4 c5 2. Nf3 e6 3. Be2 Nc6 4. O-O Qc7 5. Nc3 Nf6 6. d3 Be7 7. h3 O-O 8. Be3
a6 9. Nh2 d5 10. exd5 exd5 11. Bg5 Be6 12. Bf3 Rad8 13. Re1 b5 14. Ne2 Bd6 15.
Ng4 Nxg4 16. Bxd8 Qxd8 17. Bxg4 Bxg4 18. hxg4 Qh4 19. g3 Qxg4 20. Nc3 Qh3 21.
Qf3 Nd4 22. Qxd5 Bxg3 23. fxg3 Qxg3+ 24. Qg2 Qxg2+ 25. Kxg2 Nxc2 26. Rac1 Nxe1+
27. Rxe1 g6 28. Ne4 Rc8 29. Rc1 c4 30. dxc4 bxc4 31. Nd6 Rb8 32. Nxc4 Kg7 33.
Rc2 Rb5 34. a4 Rb4 35. a5 h6 36. Kf3 Kf6 37. Ke4 Ke6 38. Kd4 h5 39. Kc3 Rb5 40.
Re2+ Kf6 41. Rf2+ Rf5 42. Rxf5+ Kxf5 43. b4 h4 44. Nd2 h3 45. Nf1 g5 46. b5 1-0

[Event "Match 02"]
[Site "http://www.queenalice.com/game.php?id=356311"]
[Date "2008.2.18"]
[Round "-"]
[White "CCapivara"]
[Black "hipnnose"]
[Result "1-0"]
[WhiteElo "1919"]
[BlackElo "1991"]

1. e4 e5 2. f4 d5 3. exd5 e4 4. Nc3 Nf6 5. d4 Bd6 6. Bb5+ c6 7. dxc6 bxc6 8. Ba4
O-O 9. Nge2 Re8 10. O-O Ba6 11. Kh1 Ng4 12. Qe1 f5 13. d5 Bb7 14. Nd4 Qb6 15.
Nxf5 Bc5 16. Qg3 Bc8 17. Qxg4 Bf8 18. dxc6 g6 19. Nd5 Bxf5 20. Nxb6 Bxg4 21.
Nxa8 Na6 22. Bb5 Nb4 23. Nc7 Rc8 24. Na6 Nxc2 25. Rb1 Nd4 26. Ba4 Be2 27. Be3
Bxf1 28. Rxf1 Nf5 29. Bxa7 Ra8 30. c7 Nd6 31. Bc5 Nc8 32. Bb3+ Kg7 33. Bxf8+
Kxf8 34. Rd1 Rxa6 35. Rd8+ Ke7 36. Rxc8 1-0

[Event "Match 4"]
[Site "http://www.queenalice.com/game.php?id=356313"]
[Date "2008.2.18"]
[Round "-"]
[White "hipnnose"]
[Black "CCapivara"]
[Result "0-1"]
[WhiteElo "1972"]
[BlackElo "1946"]

1. d4 d5 2. Nf3 Nf6 3. Bf4 c6 4. e3 Bg4 5. Be2 Nbd7 6. Nbd2 e6 7. O-O Be7 8. h3
Bh5 9. c4 O-O 10. Rc1 h6 11. Re1 Nb6 12. g4 Bg6 13. Ne5 Bh7 14. Bf3 dxc4 15.
Ndxc4 Nxc4 16. Rxc4 Be4 17. Qe2 Bxf3 18. Qxf3 Nd5 19. Bg3 Bf6 20. Rec1 a6 21.
Qg2 Qa5 22. e4 Nb6 23. Rc5 Qxa2 24. f4 Rad8 25. Qd2 Na4 26. R5c2 c5 27. Bf2 Qb3
28. Kg2 cxd4 29. Bxd4 g5 30. Nf3 gxf4 31. e5 Bg5 32. Qf2 Rd5 33. Rc8 Rfd8 34.
Rxd8+ Rxd8 35. h4 Be7 36. Qd2 Bc5 37. Qxf4 Bxd4 0-1

[Event "Match 6"]
[Site "http://www.queenalice.com/game.php?id=356315"]
[Date "2008.2.18"]
[Round "-"]
[White "hipnnose"]
[Black "CCapivara"]
[Result "1-0"]
[WhiteElo "2016"]
[BlackElo "1825"]

1. c4 e5 2. g3 d6 3. Bg2 f5 4. Nc3 Nf6 5. e3 Be7 6. Nge2 O-O 7. O-O c6 8. d4 Qc7
9. b3 Be6 10. Bb2 Nbd7 11. Rc1 Rac8 12. h3 Kh8 13. f4 e4 14. d5 Bf7 15. Nd4 c5
16. Nxf5 Nb6 17. Nb5 Qb8 18. Nxe7 Rce8 19. Nf5 Bg6 20. Nh4 Bh5 21. g4 Bf7 22.
Nf5 Rd8 23. Qc2 a6 24. Na3 Bg6 25. Ng3 Rde8 26. Qc3 Qc7 27. f5 Bf7 28. g5 Nh5
29. Nxh5 Bxh5 30. f6 gxf6 31. gxf6 Qf7 32. Rf4 Rg8 33. Rcf1 Rg3 34. Kh2 Reg8 35.
R1f2 Nd7 36. Rxe4 Ne5 37. Rxe5 dxe5 38. Qxe5 R8g5 39. Qe7 b5 40. Qxf7 Bxf7 41.
e4 1-0

[Event "Challenge"]
[Site "http://www.queenalice.com/game.php?id=365359"]
[Date "2008.3.4"]
[Round "-"]
[White "hipnnose"]
[Black "jhetro"]
[Result "0-1"]
[WhiteElo "2024"]
[BlackElo "2141"]

1. e4 c5 2. Nf3 d6 3. d4 cxd4 4. Nxd4 Nf6 5. Nc3 Nc6 6. f3 Nxd4 7. Qxd4 e5 8.
Qe3 Be7 9. Bd2 Be6 10. O-O-O O-O 11. g4 d5 12. exd5 Bxd5 13. g5 Ng4 14. Qe2 Bc5
15. Nxd5 Nf2 16. Nf6+ gxf6 17. gxf6 Re8 18. Bh3 Kh8 19. Bg5 Qb6 20. Bf5 h6 21.
Bh4 Nxh1 22. Rxh1 Rad8 23. Qg2 Rg8 24. Qh3 Be3+ 25. Kb1 Rg1+ 26. Rxg1 Bxg1 27.
Bd3 Qb4 28. a3 Qf4 29. Bg3 Qg5 30. Bxe5 Be3 31. Bc3 Bf4 32. Be4 b6 0-1

[Event "Challenge"]
[Site "http://www.queenalice.com/game.php?id=429164"]
[Date "2008.7.7"]
[Round "-"]
[White "luizantoniosetti"]
[Black "hipnnose"]
[Result "1-0"]
[WhiteElo "2091"]
[BlackElo "1955"]

1. e4 c5 2. Nf3 d6 3. d3 Nf6 4. g3 g6 5. Bg2 Bg7 6. O-O O-O 7. Re1 Nc6 8. c3 Bd7
9. Nbd2 Rb8 10. Nb3 Qc7 11. Bg5 h6 12. Bxf6 Bxf6 13. d4 c4 14. Nbd2 b5 15. Nf1
a5 16. Ne3 e5 17. Nd5 Qd8 18. Nxf6+ Qxf6 19. dxe5 Nxe5 20. Nxe5 Qxe5 21. Qd2
Rfd8 22. Qxh6 b4 23. Qd2 Be6 24. Re3 bxc3 25. Rxc3 Rb4 26. Rac1 Rdb8 27. R1c2 a4
28. a3 Rb3 29. Rxb3 cxb3 30. Rc6 1-0

[Event "Challenge"]
[Site "http://www.queenalice.com/game.php?id=429165"]
[Date "2008.7.7"]
[Round "-"]
[White "hipnnose"]
[Black "luizantoniosetti"]
[Result "0-1"]
[WhiteElo "1944"]
[BlackElo "2125"]

1. e4 e6 2. Qe2 c5 3. Nf3 Nc6 4. g3 g6 5. Bg2 Bg7 6. O-O Nge7 7. c3 O-O 8. d4
cxd4 9. cxd4 Nxd4 10. Nxd4 Bxd4 11. Bh6 Re8 12. Nc3 Nc6 13. Kh1 b6 14. f4 Bb7
15. Rad1 d6 16. Nb5 Ba6 17. a4 Bc5 18. e5 Nd4 19. Qd3 dxe5 20. fxe5 Nxb5 21. Qf3
Qe7 22. axb5 Bxb5 23. Qg4 Bxf1 24. Rxf1 Rac8 25. Bg5 Qd7 26. Bf6 Be7 27. Qh4 Rc2
28. Be4 Rxb2 29. Qg5 Qb5 30. Bg2 Qe2 0-1